Video Codec Design : Developing Image and Video Compression Systems /

Contenido: Introducción; Video digital; Fundamentos de la compresión de imagen y video; Estándares de compresión de video; Estimación del movimiento y compensación; Procesamiento; Distorsión y Complejidad; Transmisión de video comprimido; Plataformas; Diseño de la compresión y descompresión de video...

Popoln opis

Shranjeno v:
Bibliografske podrobnosti
Glavni avtor: Richardson, Iain E.G (autor)
Format: Knjiga
Jezik:angleščina
Izdano: Chichester, Inglaterra : Wiley, 2003, c2002
Teme:
Oznake: Označite
Brez oznak, prvi označite!

MARC

LEADER 00000nam^a2200000^a^4500
001 000153935
005 20250521000000.0
009 20260310100336.788
020 |a 0-471-48553-5 
037 |a Acervo ITESO - Biblioteca 
041 |a ING 
082 |a 621. 38833  |b RIC 
100 |a Richardson, Iain E.G.  |e (autor) 
245 1 0 |a Video Codec Design :  |b Developing Image and Video Compression Systems /  |c I.E.G. Richardson. 
264 4 |a Chichester, Inglaterra :  |b Wiley,  |c 2003, c2002 
300 |a X, 303 p. 
336 |a texto  |b txt  |2 rdacontenido 
337 |a sin mediación  |b n  |2 rdamedio 
338 |a volumen  |b nc  |2 rdasoporte 
520 |a Contenido: Introducción; Video digital; Fundamentos de la compresión de imagen y video; Estándares de compresión de video; Estimación del movimiento y compensación; Procesamiento; Distorsión y Complejidad; Transmisión de video comprimido; Plataformas; Diseño de la compresión y descompresión de video. 
649 |a XX 
650 |a Video -  |x Aspectos Tecnológicos 
650 |a Multimedia 
650 |a Compresión de Imágenes 
650 |a Manipulación de Imagen por Computadora 
650 |a Imagen 
650 |a Proceso Electrónico de Datos 
650 |a Telecomunicaciones 
650 |a Electrónica Digital 
650 |a Electrónica 
650 |a Ingeniería Computacional 
650 |a Ingeniería Electrónica 
910 |a Fondo General 
920 |a Impresos - Libros 
930 |a Colección General 
905 |a 101 
901 |a 0500082381  |b IT1  |c ACC  |u 20250521 
902 |a https://opac.biblio.iteso.mx/vufind/Record/000153935